La pintura en Chile. Desde la colonia hasta 1981

Guardat en:
Dades bibliogràfiques
Autors principals: Galaz Capechiacci, Gaspar (Autor), Ivelic Kusanovic, Milan (Autor)
Format: Llibre
Idioma:espanyol
Publicat: Valparaíso, Chile Universitarias de Valparaíso 1981
Col·lecció:El Rescate
Matèries:
Etiquetes: Afegir etiqueta
Sense etiquetes, Sigues el primer a etiquetar aquest registre!

MARC

LEADER 00000nam a2200000 a 4500
001 UCZ1137
003 CL-VaPUC
005 20250127163738.0
008 950811e19811227CL |||||||||||||||||spa|d
999 |c 237942  |d 237940 
040 |c Pontificia Universidad Católica de Valparaíso 
082 0 4 |a 759.983 GAL 1981  |2 21 
100 |a Galaz Capechiacci, Gaspar  |e author  |9 605524 
245 1 3 |a La pintura en Chile.  |b Desde la colonia hasta 1981 
260 |a Valparaíso, Chile  |b Universitarias de Valparaíso  |c 1981 
300 |a 393 páginas 
490 0 |a El Rescate 
500 |a Profusamente ilustrado con reproducciones de pinturas de los más famados artistas chilenos 
500 |a Frontispicio, vista de Valparaíso 
583 |a last modification  |c 20151201 09:18:55  |k Rodrigo Vera 
650 0 |a Arte  |9 265238 
650 0 |a Creación artística   |z CHILE  |9 266215 
650 0 |a Historia del arte  |z CHILE  |9 314877 
650 0 |a Artistas chilenos  |9 344566 
700 |a Ivelic Kusanovic, Milan  |e author  |9 567893 
852 |a BIBART 
942 |c BK  |2 ddc 
945 |d 19950811 00:00:00  |a cmena 
952 |0 0  |1 0  |2 ddc  |4 0  |6 759_983000000000000_GAL_1981  |7 0  |8 X  |9 247779  |a BIBEDU  |b BIBEDU  |d 2019-11-18  |i 1556452  |o 759.983 GAL 1981  |p 1556452  |r 2023-01-13  |t 4  |w 2019-11-18  |y BK_X  |k EDU 
952 |0 0  |1 0  |2 ddc  |4 0  |6 759_983000000000000_GAL_1981  |7 0  |8 F  |9 247780  |a BIBARQ  |b BIBARQ  |d 2019-11-18  |i 3217671  |o 759.983 GAL 1981  |p 3217671  |r 2025-01-20  |t 1  |w 2019-11-18  |y BK_F  |k ARQ 
952 |0 0  |1 0  |2 ddc  |4 0  |6 759_983000000000000_GAL_1981  |7 0  |8 X  |9 247781  |a BIBHIS  |b BIBHIS  |d 2019-11-18  |i 1362399  |o 759.983 GAL 1981  |p 1362399  |r 2024-01-30  |t 2  |w 2019-11-18  |y BK_X  |k HIS 
952 |0 0  |1 0  |2 ddc  |4 0  |6 759_983000000000000_GAL_1981  |7 0  |8 X  |9 247782  |a FDOBUD  |b FDOBUD  |d 2019-11-18  |i 1024418  |o 759.983 GAL 1981  |p 1024418  |r 2019-11-18  |t 3  |w 2019-11-18  |y BK_X  |k BUD